• 首页
  • 本馆介绍
  • 公告通知
  • 最新文献
  • 馆藏检索
  • 电子资源
  • 读者导购
  • 参考咨询
  • 我的图书馆
  • 登录
  • 详细信息显示
  • 放入我的书架
  • 预约/预借图书
  • 作者相关作品
  • 分类相关作品
  • 丛书相关作品
  • 出版社相关作品

书目信息

  • 表格格式
  • 工作单格式
  • 卡片格式
题名:
钢铁热处理基本知识
    
 
作者: 胡占元 , 袁明 编
分册:  
出版信息: 北京   冶金工业出版社  1974
页数: 159页
开本: 20cm
丛书名:
单 册:
中图分类: TG161
科图分类:
主题词: 金属学 , 热处理
电子资源:
ISBN:
000 00656nam0 2200241 450
001 0539532133
005 20051221110104.32
010    @dCNY0.43
091    @a15062.3131
100    @a20051221d1974 km y0chiy0120 ea
101 0  @achi
102    @aCN@b110000
102    @aCN@b110000
200 1  @a钢铁热处理基本知识@Agang tie re chu li ji ben zhi shi@f胡占元,袁明编@Fhu zhan yuan,yuan ming bian
210    @a北京@c冶金工业出版社@d1974
215 1  @a159页@d20cm
606 0  @a金属学
606 0  @a热处理
690    @aTG161@v4
701  0 @a胡占元@Ahu zhan yuan@4编
701  0 @a袁明@Ayuan ming@4编
801  0 @aCN@bPFT@c20051221
905    @a10447@dTG161@e4
    
    钢铁热处理基本知识/胡占元,袁明编.-北京:冶金工业出版社,1974
    159页;20cm
    
    
    ISBN :CNY0.43
    
●
相关链接 在E读中查询图书 在五车中查询图书 在当当中查询图书 在豆瓣中查询图书


正题名:钢铁热处理基本知识     索取号:TG161/4         预约/预借

序号 登录号 条形码 馆藏地/架位号 状态 备注
1 0012421   202179007   密集书库/ [索取号:TG161/4] 在馆    
唐山师范学院图书馆 欢迎您!
大连网信软件有限公司© 版权所有